Industrial policy and innovation

Na minha lista:
Detalhes bibliográficos
Autor principal: Carter, Charles
Formato: Livro
Idioma:Undetermined
Publicado em: London Heinemann 1981
Assuntos:
Tags: Adicionar Tag
Sem tags, seja o primeiro a adicionar uma tag!
Thư viện lưu trữ: Trung tâm Học liệu Trường Đại học Cần Thơ
LEADER 00522nam a2200205Ia 4500
001 CTU_86184
008 210402s9999 xx 000 0 und d
082 |a 338.9 
082 |b C323 
100 |a Carter, Charles 
245 0 |a Industrial policy and innovation 
245 0 |c Charles Carter 
260 |a London 
260 |b Heinemann 
260 |c 1981 
650 |a Industrial policy 
650 |x Congresses 
650 |z Great britain 
904 |i Năm 
980 |a Trung tâm Học liệu Trường Đại học Cần Thơ